MARC

LEADER 00000nas a2200000 4500
001 ssj0001651
003 WaSeSS
005 20200512172242.0
006 m d
007 cr n
008 751101c19299999wiubr p s 0 a0eng c
010 |a  33015217   |z sn 78005016  
015 |a 015119262  |2 dnb 
016 7 |a 015119262  |2 DE-101 
016 7 |a 970244-1  |2 DE-600 
016 7 |a 100972217  |2 DNLM 
016 7 |a 008543625  |2 Uk 
016 7 |a 015119262  |2 de-101 
016 7 |a 9702441  |2 de-600 
022 |l 0033-0736  |y 0033-0736 
032 |a 447220  |b USPS 
035 |a (WaSeSS)ssj0001651 
040 |a MUL  |b eng  |c MUL  |d OCL  |d YUS  |d COO  |d NSD  |d IUL  |d DLC  |d NSD  |d DLC  |d AIP  |d OCL  |d AIP  |d NST  |d NSD  |d NST  |d OCL  |d NST  |d SYS  |d WAU  |d NLM  |d OCLCQ  |d NLGGC  |d OCLCG  |d KNV  |d IUL  |d HVL  |d KEU  |d U9S  |d GUA  |d OCLCQ  |d GBVCP  |d DLC  |d UKMGB  |d OCLCQ  |d OCLCF  |d OCLCO  |d IUL  |d OCLCO  |d OCL  |d CUI  |d OCL  |d DLC  |d MNU  |d OCLCO  |d OCL  |d GZM  |d QE2  |d OCLCQ  |d CSJ  |d GRC  |d OCLCO  |d OCLCQ  |d IUL  |d NZ1  |d GZN  |d GOU  |d NM7  |d DLC  |d OCLCO  |d OCLCQ  |d WUW  |d WaSeSS 
042 |a nsdp  |a pcc 
043 |a n-us--- 
050 0 0 |a AP2  |b .P8655 
082 0 4 |a 051 
210 0 |a Progressive  |b (Madison, Wis.) 
222 4 |a The Progressive  |b (Madison, Wis.) 
245 0 4 |a The Progressive  |h [electronic resource]. 
260 |a Madison, Wis.  |b The Progressive 
310 |a Bimonthly,  |b 2018- 
321 |a Weekly,  |b 1929-1947 
321 |a Monthly,  |b 1948-2009 
321 |a Eleven issues per year,  |b 2010-2015 
321 |a Ten issues per year,  |b 2016 
321 |a Eight issues per year,  |b 2017 
362 0 |a v. 1-4; Dec. 7, 1929-May 16, 1936; new ser., v. 1- May 23, 1936- 
500 |a Editor: 1929-<1931> W.T. Evjue. 
506 |a License restrictions may limit access. 
515 |a Suspended Oct. 13-Dec. 1947. 
515 |a Numbering very irregular. 
515 |a Vol. 2, no. 49 called "Memorial edition" (Belle Case La Follette). 
588 |a Latest issue consulted: Volume 82, Number 1 (February/March 2018). 
648 7 |a 1900-1999  |2 fast 
650 0 |a Public opinion  |v Periodicals. 
650 6 |a Science politique  |v Périodiques. 
650 7 |a Politics and government  |2 fast  |0 (OCoLC)fst01919741 
650 7 |a Public opinion.  |2 fast  |0 (OCoLC)fst01082785 
650 1 7 |a Progressivisme.  |2 gtt 
650 1 7 |a Politiek.  |2 gtt 
650 7 |a Public opinion  |x Periodicals.  |2 sears 
650 7 |a Politics and government  |y 20th century  |x Periodicals.  |2 sears 
651 0 |a United States  |x Politics and government  |y 20th century  |v Periodicals. 
651 7 |a United States.  |2 fast  |0 (OCoLC)fst01204155 
655 0 |a Electronic journals. 
700 1 |a Evjue, William Theodore,  |d 1882-1970. 
710 2 |a Zine Collection (Library of Congress)  |5 DLC 
780 0 0 |t Follette's magazine  |w (DLC)ca 10000753  |w (OCoLC)9290562 
850 |a DLC  |a IaAS  |a In  |a KPT  |a KU-S  |a MnU  |a P  |a ViBlbV  |a ViU 
853 2 0 |8 1  |a (year)  |b (date) 
853 2 0 |8 2  |a new ser.:v.  |b no.  |i (year)  |j (month) 
856 4 0 |z Full text available from Research Library: 01/01/1988 to present  |u https://search.proquest.com/publication/41823 
863 4 0 |8 1.1  |a <1929> 
863 4 1 |8 2.1  |a <12>-  |i <1948>